Truyện ngắn chọn lọc

Saved in:
Bibliographic Details
Main Author: O'Henry
Other Authors: Mạnh, Chương (Dịch)
Format: Book
Published: Hà Nội Văn Học 2017
Subjects:
Tags: Add Tag
No Tags, Be the first to tag this record!
Institutions: Trung tâm Học liệu Lê Vũ Hùng, Trường Đại học Đồng Tháp
LEADER 00735pam a22002418a 4500
001 00041718
005 20180620160601.0
008 161109s2015 ||||||Viesd
020 # # |a 9786046954217  |c 110000 
041 0 # |a Vie 
082 1 4 |a 813  |b TR527NG 
100 1 # |a O'Henry 
245 1 0 |a Truyện ngắn chọn lọc  |c O'Henry; Mạnh Chương (dịch) 
260 # # |a Hà Nội  |b Văn Học  |c 2017 
300 # # |a 483 tr.  |c 21 cm. 
653 # # |a Truyện ngắn 
653 # # |a Tác phẩm 
653 # # |a Văn học 
653 # # |a Văn học Mỹ 
700 1 # |a Mạnh, Chương  |e Dịch 
852 # # |j KM.0015936 
910 |d 20/06/2018 
980 # # |a Trung tâm Học liệu Lê Vũ Hùng, Trường Đại học Đồng Tháp